[Event "BL 9192 FTG Frankfurt-Buna Halle"]
[Site "?"]
[Date "1991.??.??"]
[Round "?.3"]
[White "Schoeneberg, M."]
[Black "Gutman, L."]
[Result "1-0"]
[WhiteElo "2335"]
[BlackElo "2465"]
[PlyCount "159"]
[EventDate "1991.??.??"]

1. e4 c5 2. Nf3 d6 3. d4 cxd4 4. Qxd4 Nc6 5. Bb5 Bd7 6. Bxc6 Bxc6 7. Nc3 e5 8.
Qd3 h6 9. Nd5 Bxd5 10. Qxd5 Qb6 11. O-O Nf6 12. Qd3 Qc6 13. Nd2 Be7 14. c4 O-O
15. b3 a5 16. a4 Bd8 17. Ba3 Bb6 18. Qxd6 Qxd6 19. Bxd6 Rfd8 20. c5 Bxc5 21.
Bxc5 Rxd2 22. f3 Rc8 23. Rac1 Rd3 24. Bb6 Ra8 25. Bc7 Rxb3 26. Bxe5 Nd7 27. Bd6
Nb6 28. Rb1 Rxb1 29. Rxb1 Nxa4 30. Rxb7 Ra6 31. e5 Nb6 32. Rc7 Nd5 33. Rc5 Nf4
34. Rc4 Ne6 35. f4 g6 36. g4 a4 37. Ba3 Ra5 38. Kf2 g5 39. f5 Nf4 40. Rc8+ Kh7
41. e6 fxe6 42. Rc7+ Kg8 43. f6 Nd3+ 44. Ke2 Ne5 45. Rg7+ Kh8 46. f7 Nxf7 47.
Rxf7 Kg8 48. Rf3 Kg7 49. Bb2+ Kg8 50. Ra3 Kh7 51. Bc3 Ra8 52. Kd3 h5 53. gxh5
Kh6 54. Ke4 Rf8 55. Be5 Ra8 56. Bd6 Ra5 57. Bc7 Rc5 58. Bd6 Rd5 59. Bf8+ Kxh5
60. Rxa4 Rd2 61. Ra7 Kg4 62. Rh7 Re2+ 63. Kd3 Re5 64. Kc4 Re4+ 65. Kc5 Re5+ 66.
Kd6 Re3 67. Kc5 e5 68. Bd6 Kf5 69. Kc4 g4 70. Rh5+ Kf6 71. Bc5 Rf3 72. Rh8 Kg5
73. Be7+ Kg6 74. Kd5 Kf5 75. Rh5+ Kg6 76. Rg5+ Kf7 77. Bd6 Rd3+ 78. Kxe5 Rd2
79. Rh5 Rd3 80. Rf5+ 1-0

[Event "BL 9192 FTG Frankfurt-Buna Halle"]
[Site "?"]
[Date "1991.??.??"]
[Round "?.4"]
[White "Heyken, E."]
[Black "Trapl, J."]
[Result "1/2-1/2"]
[WhiteElo "2440"]
[BlackElo "2385"]
[PlyCount "57"]
[EventDate "1991.??.??"]

1. c4 Nf6 2. Nc3 c5 3. g3 d5 4. cxd5 Nxd5 5. Bg2 Nc7 6. Nf3 Nc6 7. O-O e5 8. a3
f6 9. e3 Be7 10. d4 cxd4 11. exd4 exd4 12. Ne2 d3 13. Nf4 O-O 14. Qb3+ Kh8 15.
Rd1 Bf5 16. Be3 Na5 17. Qa4 Ne6 18. Nxe6 Bxe6 19. Qe4 Qd5 20. Nd4 Qxe4 21. Bxe4
Bg4 22. Rxd3 Nc4 23. Rc1 Nxe3 24. Rxe3 Rac8 25. Rxc8 Bxc8 26. Nf5 Bc5 27. Rc3
Bxf5 28. Bxf5 Bd4 29. Rc7 1/2-1/2

[Event "BL 9192 FTG Frankfurt-Buna Halle"]
[Site "?"]
[Date "1991.??.??"]
[Round "?.5"]
[White "Liebert, H."]
[Black "Kohlweyer, B."]
[Result "0-1"]
[WhiteElo "2395"]
[BlackElo "2405"]
[PlyCount "104"]
[EventDate "1991.??.??"]

1. c4 Nf6 2. Nf3 e6 3. g3 d5 4. d4 dxc4 5. Bg2 a6 6. O-O Nc6 7. Na3 Bxa3 8.
bxa3 Rb8 9. Bb2 b5 10. Qc2 O-O 11. Rad1 Ne7 12. e4 Ng6 13. h4 Bb7 14. Rfe1 h6
15. Bc3 Re8 16. Ba5 Qc8 17. Bh3 Bc6 18. d5 Bd7 19. d6 cxd6 20. Rxd6 e5 21. Bxd7
Nxd7 22. Red1 Nf6 23. Rxf6 gxf6 24. Nh2 Kh7 25. Rd6 Re6 26. Rd5 Ne7 27. Ng4 Qg8
28. Ne3 Qg6 29. Nf5 Rb7 30. Bc3 h5 31. Rd1 Rc6 32. Ne3 Re6 33. Kg2 Nc6 34. Nf5
a5 35. Bb2 Ne7 36. f3 Rc6 37. Ne3 c3 38. Bc1 b4 39. Qa4 Qg8 40. axb4 axb4 41.
Nd5 Qc8 42. Nxb4 Rc4 43. a3 Nc6 44. Qa6 Nxb4 45. axb4 Rc6 46. Qe2 Rxb4 47. Qe3
Ra4 48. Rd5 Ra2+ 49. Kg1 Ra1 50. Kg2 Rca6 51. Rd3 R6a2+ 52. Kg1 Rxc1+ 0-1

[Event "BL 9192 FTG Frankfurt-Buna Halle"]
[Site "?"]
[Date "1991.??.??"]
[Round "?.6"]
[White "Werner, D."]
[Black "Dietze, W."]
[Result "1/2-1/2"]
[WhiteElo "2395"]
[BlackElo "2290"]
[PlyCount "164"]
[EventDate "1991.??.??"]

1. d4 d5 2. c4 e6 3. Nc3 c5 4. cxd5 exd5 5. Nf3 Nc6 6. g3 Nf6 7. Bg2 Be7 8. O-O
O-O 9. Bg5 c4 10. b3 Qa5 11. Bxf6 Bxf6 12. Rc1 cxb3 13. Qxb3 Nxd4 14. Nxd4 Bxd4
15. Nxd5 Be6 16. Qxb7 Qxa2 17. Ne7+ Kh8 18. Qb4 Qb2 19. Qxb2 Bxb2 20. Rc7 Be5
21. Rb7 a6 22. Rb6 Rae8 23. Nc6 Bf6 24. e3 Bc4 25. Rc1 Bb5 26. Bf1 Bxc6 27.
Rcxc6 a5 28. Ra6 Ra8 29. Rxa8 Rxa8 30. Bc4 Kg8 31. Rc7 Rf8 32. Kg2 Bb2 33. f4
a4 34. Kf3 a3 35. g4 h6 36. h4 g6 37. g5 hxg5 38. hxg5 Kh8 39. Ra7 f6 40. gxf6
Rxf6 41. Kg4 Rc6 42. Bd5 Rd6 43. e4 Bf6 44. Rxa3 Rd7 45. Ra5 Kg7 46. Rb5 Be7
47. e5 Bd8 48. Kf3 Be7 49. Be4 Bd8 50. Ke3 Bc7 51. Bc6 Re7 52. Ke4 Kf7 53. Rd5
Kg7 54. Rd2 Kf7 55. Rg2 Bb8 56. Bd5+ Kg7 57. Rg1 Bc7 58. Kf3 Bxe5 59. fxe5 Rxe5
60. Be4 Re6 61. Kf4 Ra6 62. Ke5 Rb6 63. Ra1 Rb5+ 64. Bd5 Rb6 65. Ra2 Rb5 66.
Ra6 Rc5 67. Kd4 Rc1 68. Be4 Rg1 69. Ke5 Rg5+ 70. Kf4 Rg1 71. Bf3 Rf1 72. Rd6
Kf7 73. Kg3 Re1 74. Bg2 Re2 75. Bf3 Re1 76. Kh4 Rf1 77. Bg4 Ra1 78. Kg5 Ra5+
79. Kh6 g5 80. Rb6 Rc5 81. Bh5+ Ke7 82. Kg6 Rd5 1/2-1/2

[Event "BL 9192 FTG Frankfurt-Buna Halle"]
[Site "?"]
[Date "1991.??.??"]
[Round "?.7"]
[White "Csulits, A."]
[Black "Degenhardt, H."]
[Result "1/2-1/2"]
[WhiteElo "2325"]
[BlackElo "2295"]
[PlyCount "44"]
[EventDate "1991.??.??"]

1. d4 Nf6 2. Nf3 g6 3. g3 Bg7 4. Bg2 O-O 5. O-O d6 6. c4 Nc6 7. d5 Na5 8. Nfd2
c6 9. Nc3 Qc7 10. Rb1 cxd5 11. Nxd5 Nxd5 12. cxd5 Bf5 13. e4 Bd7 14. Nf3 Nc4
15. b3 Ne5 16. Nd4 Qb6 17. Bb2 Rfc8 18. h3 Qa6 19. Qd2 Qd3 20. Rfd1 Qxd2 21.
Rxd2 g5 22. Kh2 Rc7 1/2-1/2

[Event "BL 9192 FTG Frankfurt-Buna Halle"]
[Site "?"]
[Date "1991.??.??"]
[Round "?.8"]
[White "Hess, R."]
[Black "Becker, Mi"]
[Result "1/2-1/2"]
[WhiteElo "2330"]
[BlackElo "2285"]
[PlyCount "57"]
[EventDate "1991.??.??"]

1. d4 Nf6 2. c4 c5 3. e3 g6 4. Nf3 Bg7 5. Nc3 O-O 6. dxc5 Na6 7. Be2 Nxc5 8.
O-O b6 9. Nd4 Bb7 10. Bf3 Bxf3 11. Qxf3 Rc8 12. b3 Ne6 13. Bb2 d6 14. Rfd1 Qd7
15. Rac1 Ng5 16. Qf4 Ne6 17. Qh4 Rc5 18. Ne4 Rh5 19. Nxf6+ Bxf6 20. Qg4 Rg5 21.
Qf3 Nxd4 22. Bxd4 Bxd4 23. exd4 Rf5 24. Qe3 Qe6 25. Qd3 Qf6 26. Rc2 a5 27. Re2
e6 28. Qg3 Rf4 29. Qe3 1/2-1/2

[Event "BL 9192 Empor Berlin-FTG Frankfurt"]
[Site "?"]
[Date "1991.??.??"]
[Round "?.1"]
[White "Lobron, E."]
[Black "Chekhov, V."]
[Result "1/2-1/2"]
[WhiteElo "2540"]
[BlackElo "2525"]
[PlyCount "48"]
[EventDate "1991.??.??"]

1. d4 Nf6 2. c4 e6 3. Nf3 b6 4. a3 c5 5. d5 Ba6 6. e4 Nxe4 7. Bd3 Nf6 8. O-O
Be7 9. Bf4 exd5 10. cxd5 Bxd3 11. Qxd3 d6 12. Nc3 O-O 13. Rfe1 Re8 14. Re2 Nbd7
15. Rae1 Bf8 16. h3 Rxe2 17. Rxe2 Qc7 18. Nd2 Re8 19. Rxe8 Nxe8 20. Qb5 Ndf6
21. g4 Qe7 22. Kf1 Qd7 23. Qxd7 Nxd7 24. Nc4 a6 1/2-1/2

[Event "BL 9192 Empor Berlin-FTG Frankfurt"]
[Site "?"]
[Date "1991.??.??"]
[Round "?.2"]
[White "Kovalev, A."]
[Black "Tischbierek, R."]
[Result "1/2-1/2"]
[WhiteElo "2550"]
[BlackElo "2480"]
[PlyCount "58"]
[EventDate "1991.??.??"]

1. e4 e6 2. d4 d5 3. Nc3 Bb4 4. e5 c5 5. a3 Bxc3+ 6. bxc3 Ne7 7. Nf3 Bd7 8. a4
Qa5 9. Bd2 Nbc6 10. Bb5 a6 11. Bxc6 Bxc6 12. O-O h6 13. dxc5 Qxc5 14. Nd4 O-O
15. Qg4 Kh7 16. Rfe1 Bd7 17. Rab1 Qc7 18. Re3 Nf5 19. Nxf5 exf5 20. Qh5 Rae8
21. Rbe1 f4 22. Rd3 Bxa4 23. Qf5+ Kg8 24. Rxd5 Qc8 25. Qd3 Bb5 26. Qd4 Bc6 27.
c4 f6 28. Bb4 fxe5 29. Rexe5 Rxe5 1/2-1/2

[Event "BL 9192 Empor Berlin-FTG Frankfurt"]
[Site "?"]
[Date "1991.??.??"]
[Round "?.3"]
[White "Gutman, L."]
[Black "Muse, M."]
[Result "0-1"]
[WhiteElo "2465"]
[BlackElo "2445"]
[PlyCount "118"]
[EventDate "1991.??.??"]

1. Nf3 g6 2. d4 Nf6 3. g3 Bg7 4. Bg2 O-O 5. O-O c6 6. c4 d6 7. Nc3 Qa5 8. e4
Bg4 9. Qd2 e5 10. d5 Qb4 11. b3 cxd5 12. Nxd5 Nxd5 13. exd5 a5 14. Ng5 Bf5 15.
Qe3 Na6 16. h3 Nc5 17. Bd2 Qb6 18. Rac1 h6 19. Nf3 Be4 20. Nh4 Bd3 21. Rfd1 g5
22. Bc3 Bh7 23. Nf3 f5 24. Qe2 Ne4 25. c5 Nxc5 26. Nd2 f4 27. Nc4 Qa6 28. gxf4
Rxf4 29. Bd2 Rh4 30. Be3 Nd7 31. Qf1 Bg6 32. Na3 Qxf1+ 33. Kxf1 a4 34. Nb5 Bf8
35. Nc7 Rc8 36. Ne6 Rc2 37. Rxc2 Bxc2 38. Rc1 axb3 39. axb3 Bxb3 40. Rc7 Nf6
41. Rc8 Nh7 42. Bd2 Kf7 43. Be1 Be7 44. f4 Rxf4+ 45. Nxf4 gxf4 46. Rc7 Nf6 47.
Bh4 Bd1 48. Bxf6 Kxf6 49. Be4 b5 50. Rb7 Bb3 51. Kg2 Bc4 52. Kh2 Bf1 53. Rb8
Kf7 54. Rh8 Bf8 55. Bf5 Kg7 56. Rh7+ Kf6 57. Rd7 Kxf5 58. Rf7+ Ke4 59. Rxf8 h5
0-1

[Event "BL 9192 Empor Berlin-FTG Frankfurt"]
[Site "?"]
[Date "1991.??.??"]
[Round "?.4"]
[White "Volke, K."]
[Black "Heyken, E."]
[Result "1-0"]
[WhiteElo "2425"]
[BlackElo "2440"]
[PlyCount "133"]
[EventDate "1991.??.??"]

1. d4 Nf6 2. c4 e6 3. Nc3 Bb4 4. e3 O-O 5. Bd3 d5 6. Nf3 Nc6 7. a3 dxc4 8. Bxc4
Bd6 9. Bb5 Qe7 10. O-O h6 11. Re1 e5 12. Bxc6 bxc6 13. dxe5 Bxe5 14. Nxe5 Qxe5
15. Qd4 Qe7 16. e4 c5 17. Qe3 Rd8 18. Qg3 Nh5 19. Qf3 Qe5 20. Be3 Rb8 21. Rad1
Bb7 22. Nd5 c6 23. Qf5 Qxf5 24. Ne7+ Kh7 25. Nxf5 Ba6 26. Rxd8 Rxd8 27. Bxc5
Rd2 28. Bd4 Nf4 29. Bxg7 Nd3 30. Bc3 Rxf2 31. Rb1 Re2 32. Rf1 Nxb2 33. Nd4 Rxe4
34. Rxf7+ Kg8 35. Rxa7 Nd1 36. Rxa6 Nxc3 37. Rxc6 Rxd4 38. Rxc3 Rd2 39. Rf3 Ra2
40. h3 Kg7 41. Kh2 Kg6 42. Kg3 Kg5 43. Rb3 h5 44. h4+ Kf5 45. Kf3 Rc2 46. Rb5+
Kg6 47. Rg5+ Kh6 48. Re5 Kg6 49. g3 Rc4 50. Re4 Rc2 51. Re3 Kf5 52. Rb3 Ra2 53.
Rb5+ Kg6 54. Rg5+ Kh6 55. Ra5 Rc2 56. Ra6+ Kg7 57. Re6 Kf7 58. Re3 Kg6 59. Ke4
Rc8 60. Rf3 Rd8 61. a4 Rd1 62. Ra3 Re1+ 63. Kd4 Kf5 64. a5 Rd1+ 65. Kc4 Rc1+
66. Kb4 Rb1+ 67. Rb3 1-0

[Event "BL 9192 Empor Berlin-FTG Frankfurt"]
[Site "?"]
[Date "1991.??.??"]
[Round "?.5"]
[White "Kohlweyer, B."]
[Black "Poldauf, D."]
[Result "1/2-1/2"]
[WhiteElo "2405"]
[BlackElo "2385"]
[PlyCount "49"]
[EventDate "1991.??.??"]

1. d4 Nf6 2. c4 g6 3. Nc3 Bg7 4. e4 d6 5. f3 O-O 6. Be3 e5 7. d5 Nh5 8. Qd2 f5
9. O-O-O Nd7 10. Bd3 fxe4 11. Nxe4 Nf4 12. Bc2 Nf6 13. g3 Nxe4 14. Bxe4 Nh5 15.
Ne2 Qe8 16. Nc3 a6 17. Rhf1 b5 18. Bd3 Rb8 19. c5 Nf6 20. Bc2 Rf7 21. Kb1 Qf8
22. cxd6 cxd6 23. Rg1 Bd7 24. Ne4 Nxe4 25. Bxe4 1/2-1/2

[Event "BL 9192 Empor Berlin-FTG Frankfurt"]
[Site "?"]
[Date "1991.??.??"]
[Round "?.6"]
[White "Stern, R."]
[Black "Werner, D."]
[Result "0-1"]
[WhiteElo "2360"]
[BlackElo "2395"]
[PlyCount "69"]
[EventDate "1991.??.??"]

1. d4 Nf6 2. c4 g6 3. Nf3 Bg7 4. g3 O-O 5. Bg2 d6 6. O-O Nc6 7. Nc3 e5 8. d5
Ne7 9. c5 Ne8 10. cxd6 cxd6 11. a4 h6 12. Nd2 f5 13. Nc4 g5 14. e3 Ng6 15. Bd2
Rf7 16. Rc1 Bf8 17. b4 Rh7 18. f4 gxf4 19. exf4 exf4 20. Bxf4 Nxf4 21. Rxf4 h5
22. Rh4 Bh6 23. Rc2 Nf6 24. Nb5 Bg5 25. Rd4 Bd7 26. Qf3 a6 27. Nbxd6 b5 28. Nb7
Qe7 29. Nb6 Be3+ 30. Kh1 Bxd4 31. Nxa8 h4 32. gxh4 Rxh4 33. h3 f4 34. Nc5 Bxh3
35. Ne6 0-1

[Event "BL 9192 Empor Berlin-FTG Frankfurt"]
[Site "?"]
[Date "1991.??.??"]
[Round "?.7"]
[White "Degenhardt, H."]
[Black "Rosenthal, D."]
[Result "1/2-1/2"]
[WhiteElo "2295"]
[BlackElo "2350"]
[PlyCount "58"]
[EventDate "1991.??.??"]

1. Nf3 Nf6 2. d4 g6 3. g3 Bg7 4. Bg2 O-O 5. O-O d6 6. b3 c5 7. Bb2 Nbd7 8. c4
Rb8 9. Nc3 a6 10. Rc1 b5 11. cxb5 axb5 12. dxc5 dxc5 13. a4 bxa4 14. Nxa4 Ba6
15. Ne5 Nxe5 16. Bxe5 Qxd1 17. Rfxd1 Rxb3 18. Nxc5 Ra3 19. Nxa6 Rxa6 20. Bf3
Ra5 21. Bc3 Ra4 22. Be5 Ne4 23. Bxg7 Kxg7 24. Rd7 Kf6 25. Rc6+ Nd6 26. Kg2 Re8
27. Rcc7 Ke6 28. Ra7 Rxa7 29. Rxa7 Rb8 1/2-1/2

[Event "BL 9192 Buna Halle-Sindelfingen"]
[Site "?"]
[Date "1991.??.??"]
[Round "?.1"]
[White "Rajkovic, D."]
[Black "Malich, B."]
[Result "1-0"]
[WhiteElo "2475"]
[BlackElo "2435"]
[PlyCount "75"]
[EventDate "1991.??.??"]

1. d4 d5 2. c4 c6 3. Nf3 e6 4. Qc2 Nf6 5. g3 Be7 6. Bg2 O-O 7. O-O b6 8. Bf4
Bb7 9. Rd1 Nbd7 10. Ne5 Rc8 11. Nc3 Nh5 12. Be3 Nhf6 13. Bf4 Nh5 14. Bd2 Nhf6
15. e4 dxc4 16. Nxc4 c5 17. d5 Ba6 18. Qa4 Bxc4 19. Qxc4 exd5 20. exd5 Ne8 21.
d6 Nxd6 22. Qa6 Nf5 23. Bb7 Nb8 24. Qxa7 Rc7 25. Bf4 Bd6 26. Bxd6 Nxd6 27. Qxb6
Rxb7 28. Qxd6 Qxd6 29. Rxd6 Rxb2 30. a4 Rc2 31. Nd5 c4 32. a5 h5 33. a6 Nxa6
34. Rdxa6 Rd2 35. Ne3 c3 36. Rc6 Rb8 37. Rxc3 Rbb2 38. Nc4 1-0

[Event "BL 9192 Buna Halle-Sindelfingen"]
[Site "?"]
[Date "1991.??.??"]
[Round "?.2"]
[White "Lechtinsky, J."]
[Black "Luther, T."]
[Result "0-1"]
[WhiteElo "2400"]
[BlackElo "2495"]
[PlyCount "106"]
[EventDate "1991.??.??"]

1. Nf3 Nf6 2. c4 e6 3. g3 d5 4. Bg2 dxc4 5. Qa4+ Nbd7 6. Qxc4 c5 7. Qb3 Rb8 8.
a4 b6 9. d3 Bd6 10. Na3 a6 11. Nd2 O-O 12. O-O Bb7 13. Bxb7 Rxb7 14. Qc4 Qa8
15. Ne4 Be5 16. f4 Bd4+ 17. e3 Nxe4 18. dxe4 Bf6 19. e5 Be7 20. Bd2 Ra7 21. Bc3
b5 22. axb5 Nb6 23. Qe2 axb5 24. Qxb5 Nd5 25. Nc2 Nxe3 26. Nxe3 Rxa1 27. Rxa1
Qxa1+ 28. Qf1 Ra8 29. Nc4 Qxf1+ 30. Kxf1 Kf8 31. Ke2 Ke8 32. Ke3 Ra7 33. Kd3
Kd7 34. b3 Kc6 35. Bb2 Rd7+ 36. Kc2 Rd8 37. Bc3 Rb8 38. Ne3 g5 39. f5 exf5 40.
Nxf5 Bf8 41. Ne3 Kd7 42. g4 Ke6 43. Nf5 Kd5 44. Ng3 Rb7 45. Nh5 Ke4 46. Nf6+
Kf3 47. Nxh7 Be7 48. h3 Rd7 49. e6 fxe6 50. Bf6 Bxf6 51. Nxf6 Rd8 52. Kc3 e5
53. Nh7 Kf4 0-1

[Event "BL 9192 Buna Halle-Sindelfingen"]
[Site "?"]
[Date "1991.??.??"]
[Round "?.3"]
[White "Fahnenschmidt, G."]
[Black "Schoeneberg, M."]
[Result "1-0"]
[WhiteElo "2385"]
[BlackElo "2335"]
[PlyCount "59"]
[EventDate "1991.??.??"]

1. d4 Nf6 2. c4 c5 3. d5 b5 4. cxb5 a6 5. bxa6 Bxa6 6. Nc3 g6 7. Nf3 d6 8. g3
Bg7 9. e4 Bxf1 10. Kxf1 O-O 11. Kg2 Nbd7 12. h3 Qa5 13. Re1 Rfb8 14. Re2 Ne8
15. Rc2 Nc7 16. Bd2 Qa6 17. Rb1 Bxc3 18. Bxc3 Qxa2 19. b4 Qc4 20. Bd4 Qb5 21.
Rcc1 c4 22. Qe2 c3 23. Qe3 Ra2 24. Rxc3 Ne8 25. Qh6 f6 26. Be3 Ng7 27. Nd4 Qb7
28. Rbc1 Qxb4 29. Rb3 Qa4 30. Rxb8+ 1-0

[Event "BL 9192 Buna Halle-Sindelfingen"]
[Site "?"]
[Date "1991.??.??"]
[Round "?.4"]
[White "Trapl, J."]
[Black "Marinkovic, I."]
[Result "1/2-1/2"]
[WhiteElo "2385"]
[BlackElo "2485"]
[PlyCount "63"]
[EventDate "1991.??.??"]

1. d4 Nf6 2. Nf3 c5 3. e3 g6 4. Be2 Bg7 5. O-O b6 6. c3 O-O 7. Nbd2 Bb7 8. b4
Qc7 9. bxc5 bxc5 10. Rb1 d6 11. Qb3 Bc6 12. c4 e6 13. dxc5 dxc5 14. Bb2 Nbd7
15. Qc2 Rfe8 16. Ng5 Rab8 17. Ba1 h6 18. Nge4 Nxe4 19. Nxe4 Bxa1 20. Rxa1 Qe5
21. Bf3 Red8 22. Rab1 Kg7 23. Nd2 Bxf3 24. Nxf3 Qc7 25. Qc3+ Kg8 26. h3 Rb6 27.
Rxb6 axb6 28. Rd1 Nb8 29. Rb1 Rd6 30. Nd2 f5 31. Nf3 Nd7 32. Qc2 1/2-1/2

[Event "BL 9192 Buna Halle-Sindelfingen"]
[Site "?"]
[Date "1991.??.??"]
[Round "?.5"]
[White "Kraut, R."]
[Black "Liebert, H."]
[Result "1/2-1/2"]
[WhiteElo "2390"]
[BlackElo "2395"]
[PlyCount "33"]
[EventDate "1991.??.??"]

1. e4 c5 2. Nf3 Nc6 3. Bb5 e6 4. O-O Nge7 5. Nc3 g6 6. Bxc6 Nxc6 7. d4 cxd4 8.
Nxd4 Bg7 9. Be3 O-O 10. Qd2 Ne5 11. b3 Ng4 12. Bg5 Qa5 13. Nce2 Qxd2 14. Bxd2
f5 15. exf5 gxf5 16. c4 a6 17. Rac1 1/2-1/2

[Event "BL 9192 Buna Halle-Sindelfingen"]
[Site "?"]
[Date "1991.??.??"]
[Round "?.6"]
[White "Dietze, W."]
[Black "Gerstner, W."]
[Result "1-0"]
[WhiteElo "2290"]
[BlackElo "2385"]
[PlyCount "133"]
[EventDate "1991.??.??"]

1. d4 d5 2. Nf3 Nf6 3. Bf4 Bf5 4. e3 e6 5. Ne5 Nbd7 6. g4 Nxe5 7. gxf5 Nc6 8.
fxe6 fxe6 9. Rg1 Qd7 10. c4 Bd6 11. Bxd6 cxd6 12. Nc3 dxc4 13. Bxc4 O-O 14. Qe2
a6 15. O-O-O b5 16. Bb3 b4 17. Na4 Na5 18. Kb1 Nxb3 19. axb3 Qb5 20. Qe1 Rab8
21. f4 Ne4 22. Ka2 Rfc8 23. Rc1 Rc6 24. Rxc6 Qxc6 25. Qh4 Qc7 26. Qg4 Re8 27.
Qg2 Nf6 28. Qd2 Rc8 29. Qg2 a5 30. Qg5 Ne4 31. Qg4 Re8 32. Qh5 Nf6 33. Qg5 Ne4
34. Qb5 Rb8 35. Qd3 Qc6 36. Qe2 Nf6 37. Rg5 d5 38. Qg2 Rb7 39. Nc5 Re7 40. Qh3
Nd7 41. Na4 g6 42. Qg2 Nb6 43. Nxb6 Qxb6 44. f5 exf5 45. Rxf5 Kg7 46. Rxd5 a4
47. Qg5 axb3+ 48. Kxb3 Qf6 49. Qxf6+ Kxf6 50. Kxb4 Rxe3 51. Kc5 g5 52. b4 Rh3
53. b5 Rxh2 54. b6 Rb2 55. Kc6 g4 56. b7 g3 57. Rc5 h5 58. d5 g2 59. Rc1 Ke7
60. Kc7 h4 61. d6+ Ke6 62. Re1+ Kf7 63. d7 Rc2+ 64. Kb6 Rb2+ 65. Kc5 g1=Q+ 66.
Rxg1 Ke7 67. Rg7+ 1-0

[Event "BL 9192 Buna Halle-Sindelfingen"]
[Site "?"]
[Date "1991.??.??"]
[Round "?.7"]
[White "Bialas, W."]
[Black "Csulits, A."]
[Result "0-1"]
[WhiteElo "2340"]
[BlackElo "2325"]
[PlyCount "108"]
[EventDate "1991.??.??"]

1. Nf3 Nf6 2. d4 g6 3. c3 Bg7 4. Bf4 O-O 5. e3 d6 6. h3 b6 7. Bc4 Bb7 8. O-O
Nbd7 9. Nbd2 c5 10. a4 Qc7 11. Qe2 a6 12. e4 e5 13. dxe5 dxe5 14. Bh2 Nh5 15.
Rfe1 Bh6 16. Bd5 Bf4 17. g3 Bh6 18. Bxb7 Qxb7 19. Nc4 Qc7 20. Rad1 Rfe8 21.
Rxd7 Qxd7 22. Nxb6 Qxh3 23. Nxa8 Rxa8 24. Nxe5 Qe6 25. f4 Bg7 26. Qc4 Bxe5 27.
Qxe6 fxe6 28. fxe5 Rd8 29. Kf2 c4 30. Ke2 Rb8 31. Rb1 Kf7 32. g4 Ng7 33. Bg1 h5
34. g5 h4 35. Ba7 Rh8 36. Rh1 h3 37. Kf3 h2 38. Kg4 Ke8 39. Be3 Kd7 40. Bf4 Kc6
41. Bxh2 Rh5 42. Kf3 Rh4 43. Ke3 Nh5 44. Kd4 Ng3 45. Bxg3 Rxh1 46. Kxc4 Rg1 47.
Bf4 Rg4 48. Be3 Rxe4+ 49. Kd3 Rxa4 50. c4 Rb4 51. Bd4 Rb3+ 52. Kd2 a5 53. Bc3
a4 54. Bd4 Rf3 0-1

[Event "BL 9192 Buna Halle-Sindelfingen"]
[Site "?"]
[Date "1991.??.??"]
[Round "?.8"]
[White "Becker, Mi"]
[Black "Werner, Marc"]
[Result "1/2-1/2"]
[WhiteElo "2285"]
[BlackElo "2335"]
[PlyCount "26"]
[EventDate "1991.??.??"]

1. e4 g6 2. d4 d6 3. Nc3 Bg7 4. Nf3 Nf6 5. h3 O-O 6. Be3 a6 7. a4 b6 8. Bc4 e6
9. O-O Bb7 10. e5 Nd5 11. Bxd5 exd5 12. Qd2 dxe5 13. Nxe5 Nd7 1/2-1/2

[Event "BL 9192 Bielefeld-München 36"]
[Site "?"]
[Date "1991.??.??"]
[Round "?.2"]
[White "Gruen, G."]
[Black "Smejkal, J."]
[Result "1/2-1/2"]
[WhiteElo "2375"]
[BlackElo "2555"]
[PlyCount "106"]
[EventDate "1991.??.??"]

1. d4 Nf6 2. Nf3 g6 3. g3 Bg7 4. Bg2 O-O 5. c4 c5 6. Nc3 Nc6 7. O-O cxd4 8.
Nxd4 Ng4 9. e3 d6 10. b3 Nxd4 11. exd4 Nh6 12. Bb2 Nf5 13. Ne2 Rb8 14. Rb1 e6
15. Qd2 b6 16. Rfe1 Re8 17. a4 Bb7 18. d5 Bxb2 19. Rxb2 exd5 20. Bxd5 Bxd5 21.
Qxd5 Qf6 22. Rd2 Re5 23. Qd3 d5 24. cxd5 Ne7 25. Qb5 a6 26. Qd7 Nf5 27. Qc6
Qxc6 28. dxc6 Rc5 29. Rc1 Rxc1+ 30. Nxc1 Rc8 31. Rc2 Nd4 32. Rc4 Nf3+ 33. Kg2
Ne5 34. Re4 Rxc6 35. Rxe5 Rxc1 36. Re8+ Kg7 37. Rb8 Rc6 38. b4 Re6 39. f4 f5
40. Kf3 h6 41. h3 g5 42. a5 bxa5 43. bxa5 Rc6 44. Rb7+ Kg8 45. Rb6 Rc3+ 46. Kf2
gxf4 47. gxf4 Rxh3 48. Rf6 Ra3 49. Rxf5 Kg7 50. Rc5 Kg6 51. Rc6+ Kf5 52. Rxh6
Kxf4 53. Rxa6 Ke4 1/2-1/2

[Event "BL 9192 Bielefeld-München 36"]
[Site "?"]
[Date "1991.??.??"]
[Round "?.3"]
[White "Gruenberg, HU."]
[Black "Panzer, P."]
[Result "1/2-1/2"]
[WhiteElo "2530"]
[BlackElo "2345"]
[PlyCount "54"]
[EventDate "1991.??.??"]

1. d4 Nf6 2. c4 g6 3. Nc3 Bg7 4. e4 d6 5. f3 c5 6. d5 O-O 7. Bg5 h6 8. Be3 e6
9. Qd2 exd5 10. cxd5 Re8 11. Bb5 Nbd7 12. a4 a6 13. Be2 h5 14. Nh3 Ne5 15. Nf2
Nh7 16. O-O f5 17. Rfe1 Nf6 18. h3 Qa5 19. exf5 Bxf5 20. f4 Nf7 21. g4 hxg4 22.
hxg4 Rxe3 23. Qxe3 Nxg4 24. Bxg4 Bxg4 25. Qe7 Bxc3 26. bxc3 Qxc3 27. Qe3 Qxe3
1/2-1/2

[Event "BL 9192 Bielefeld-München 36"]
[Site "?"]
[Date "1991.??.??"]
[Round "?.4"]
[White "Kassebaum, R."]
[Black "Enders, P."]
[Result "1-0"]
[WhiteElo "2410"]
[BlackElo "2475"]
[PlyCount "63"]
[EventDate "1991.??.??"]

1. e4 c5 2. Nf3 e6 3. c3 d5 4. e5 Ne7 5. d4 Nf5 6. dxc5 Bxc5 7. Bd3 Nc6 8. O-O
a6 9. Nbd2 Ba7 10. Nb3 h6 11. Qe2 O-O 12. Bf4 a5 13. a4 Nce7 14. Nbd4 Bxd4 15.
Nxd4 Nxd4 16. cxd4 Nf5 17. Be3 Bd7 18. Bc2 Qh4 19. f4 Rfc8 20. Bd3 Rc7 21. Rf3
h5 22. Rh3 Qg4 23. Qe1 h4 24. Be2 Qg6 25. Bd3 Qg4 26. Be2 Qxh3 27. gxh3 Nxe3
28. Rc1 Rxc1 29. Qxc1 Nf5 30. Qd1 Rc8 31. Bg4 Ne3 32. Qe1 {Zeit} 1-0

[Event "BL 9192 Bielefeld-München 36"]
[Site "?"]
[Date "1991.??.??"]
[Round "?.5"]
[White "Bastian, H."]
[Black "Geveke, M."]
[Result "1-0"]
[WhiteElo "2330"]
[BlackElo "2330"]
[PlyCount "67"]
[EventDate "1991.??.??"]

1. e4 e6 2. d4 d5 3. e5 c5 4. c3 Nc6 5. Nf3 Bd7 6. dxc5 Bxc5 7. Bd3 Nge7 8. Bf4
Ng6 9. Bg3 O-O 10. Nbd2 f5 11. exf6 gxf6 12. Nb3 Bb6 13. O-O Nce5 14. Nxe5 Nxe5
15. Bc2 Rf7 16. Nd4 Qf8 17. Qh5 Qg7 18. Rfe1 Bxd4 19. cxd4 Nc6 20. Bf4 f5 21.
Re3 Qxd4 22. Bh6 f4 23. Bxf4 Rxf4 24. Qxh7+ Kf8 25. Qxd7 Rd8 26. Qxe6 Rf6 27.
Qh3 Qxb2 28. Qh8+ Kf7 29. Qh7+ Kf8 30. Rf1 d4 31. Rg3 Rf7 32. Qh6+ Ke8 33. Bb3
Re7 34. Qh3 {Zeit} 1-0

[Event "BL 9192 Bielefeld-München 36"]
[Site "?"]
[Date "1991.??.??"]
[Round "?.7"]
[White "Roese, O."]
[Black "Meier, V."]
[Result "0-1"]
[WhiteElo "2375"]
[BlackElo "2260"]
[PlyCount "92"]
[EventDate "1991.??.??"]

1. e4 c5 2. Nf3 e6 3. d4 cxd4 4. Nxd4 a6 5. Nc3 Qc7 6. Be2 b5 7. Bf3 Bb7 8. O-O
Nc6 9. Nxc6 dxc6 10. Qe2 Bd6 11. g3 Ne7 12. Bg2 O-O 13. f4 Bc5+ 14. Be3 Bxe3+
15. Qxe3 Rad8 16. Rad1 c5 17. Qf2 f6 18. Ne2 e5 19. Qe3 Rfe8 20. f5 Rd6 21. Nc1
c4 22. Bf3 Red8 23. Rxd6 Rxd6 24. g4 Qd8 25. g5 fxg5 26. Qxg5 Nc6 27. Qxd8+
Nxd8 28. Rf2 Nf7 29. Rg2 Bxe4 30. Bxe4 Rd1+ 31. Kf2 Nd6 32. Kf3 Rxc1 33. Rd2
Nxe4 34. Kxe4 Re1+ 35. Kd5 Kf7 36. a4 Kf6 37. axb5 axb5 38. Kc5 e4 39. Kxb5 c3
40. bxc3 e3 41. Rg2 Kxf5 42. Kc6 e2 43. c4 Kf4 44. c5 g6 45. c4 Kf3 46. Rg3+
Kf2 0-1

[Event "BL 9192 Bielefeld-München 36"]
[Site "?"]
[Date "1991.??.??"]
[Round "?.8"]
[White "Beilfuss, W."]
[Black "Reich, T."]
[Result "1/2-1/2"]
[WhiteElo "2220"]
[BlackElo "2400"]
[PlyCount "41"]
[EventDate "1991.??.??"]

1. d4 d6 2. c4 Nf6 3. Nc3 g6 4. e4 Bg7 5. Nf3 O-O 6. Be2 Bg4 7. Be3 Nfd7 8. Ng1
Bxe2 9. Ngxe2 c5 10. Qd2 cxd4 11. Nxd4 Nc6 12. f3 Nxd4 13. Bxd4 Bxd4 14. Qxd4
Qb6 15. Qxb6 Nxb6 16. b3 Rfc8 17. O-O-O Rc5 18. Kb2 Kg7 19. Rd2 Rac8 20. Rhd1
a6 21. a3 1/2-1/2

[Event "BL 9192 Bochum-Bayern"]
[Site "?"]
[Date "1991.??.??"]
[Round "?.1"]
[White "Huebner, R."]
[Black "Dokhoian, Y."]
[Result "1/2-1/2"]
[WhiteElo "2615"]
[BlackElo "2545"]
[PlyCount "46"]
[EventDate "1991.??.??"]

1. d4 e6 2. c4 Nf6 3. Nc3 Bb4 4. e3 O-O 5. Bd3 d5 6. Nf3 c5 7. O-O dxc4 8. Bxc4
Nbd7 9. a3 cxd4 10. Nb5 Be7 11. Nbxd4 e5 12. Nf5 Nb6 13. Nxe7+ Qxe7 14. Be2 Rd8
15. Bd2 Ne4 16. Bb4 Qf6 17. Qc2 Ng5 18. Nxg5 Qxg5 19. Qe4 Nd5 20. Rfd1 Be6 21.
Bf3 Rd7 22. Be1 Rad8 23. Qa4 b6 1/2-1/2